Two Fisted Science: Stories About Scientists /

Two-Fisted Science, a Xeric Award-winning and Eisner nominated original trade paperback, features true stories from the history of science. Some are serious, some are humorous, and most are a bit of both. Scientists highlighted include physicists Richard Feynman, Galileo, Niels Bohr, and Werner Heis...

Full description

Bibliographic Details
Corporate Author: Library Pass, LLC
Other Authors: Ottaviani, Jim (writer.)
Format: eBook
Language:English
Published: [United States] : G.T. Labs, 2019.
Subjects:
Online Access:Connect to this electronic book (First time users create your free account)

MARC

Tag First Indicator Second Indicator Subfields
LEADER 00000nmm a22000001a 4500
001 in00004608113
006 m|||||o||m||||||||
007 cr|cn |||uuuuu
008 221118s2019 xxu||||do|||| ||||||eng d
005 20221207213019.6
035 |a (TxWaIVM)IV76651G.Tw 
040 |a TxWaIVM  |c TxWaIVM 
245 0 0 |a Two Fisted Science: Stories About Scientists /  |c powered by Library Pass. 
260 3 |a [United States] :  |b G.T. Labs,  |c 2019. 
300 |a 1 online resource. 
336 |a text  |b txt  |2 rdacontent 
337 |a computer  |b c  |2 rdamedia 
338 |a online resource  |b cr  |2 rdacarrier 
520 |a Two-Fisted Science, a Xeric Award-winning and Eisner nominated original trade paperback, features true stories from the history of science. Some are serious, some are humorous, and most are a bit of both. Scientists highlighted include physicists Richard Feynman, Galileo, Niels Bohr, and Werner Heisenberg, but you'll find a cosmologist and some mathematicians inside as well. 
521 |a 2 
538 |a Requires a valid library card and registration for new users. 
538 |a Mode of access: World Wide Web. 
538 |a System requirements: Flash 10.1 or higher, Windows XP and higher, Internet Explorer 7 and higher, Firefox 3.6 and higher, Google Chrome; Max OS 10.5 and higher, Safari 4 and higher. 
650 0 |a Comic books, strips, etc. --History 
655 7 |a Electronic books.  |2 local 
655 7 |a Comic books, strips, etc. --History  |2 gsafd 
650 0 |a Comic books, strips, etc. --Creative nonfiction 
655 7 |a Comic books, strips, etc. --Creative nonfiction  |2 gsafd 
650 0 |a Reference 
655 7 |a Reference  |2 gsafd 
650 0 |a S.T.E.M./S.T.E.A.M. 
655 7 |a S.T.E.M./S.T.E.A.M.  |2 gsafd 
700 1 |a Ottaviani, Jim.  |e writer. 
700 1 |a Mireault , Bernie.  |e artist. 
700 1 |a Doran , Colleen.  |e artist. 
700 1 |a Lasky , David.  |e artist. 
700 1 |a Barr , Donna.  |e artist. 
700 1 |a Colan , Gene.  |e artist. 
700 1 |a Davis , Guy.  |e artist. 
700 1 |a Lucas , Lin.  |e artist. 
700 1 |a Badger , Mark.  |e artist. 
700 1 |a Chadwick , Paul.  |e artist. 
700 1 |a Walton, Rob.  |e artist. 
700 1 |a Roberts , Scott.  |e artist. 
700 1 |a Saavedra , Scott.  |e artist. 
700 1 |a Bieri , Sean.  |e artist. 
700 1 |a Lieber , Steve.  |e artist. 
710 2 |a Library Pass, LLC. 
856 4 0 |u http://proxy.library.tamu.edu/login?url=https://tamu.librarypass.com/product/com.iversecomics.g.t..labs.twofisted.science.stories.about.scientists.english.03252019  |z Connect to this electronic book (First time users create your free account)  |t 0 
955 |a Comics Plus. 
999 f f |s dd8e3da2-0234-4fa9-a78d-222ec9e5aa6d  |i 8e7b974d-9cd9-4f0e-8755-16e374cd237b  |t 0 
952 f f |a Texas A&M University  |b College Station  |c Electronic Resources  |d Available Online  |t 0  |h Library of Congress classification 
998 f f |t 0  |l Available Online